Textbook of Biochemistry /
Guardado en:
| Autor principal: | |
|---|---|
| Otros Autores: | |
| Formato: | Sách giấy |
| Lenguaje: | English |
| Publicado: |
Philadelphia :
W. B. Saunders Co.,
1966.
|
| Etiquetas: |
Agregar Etiqueta
Sin Etiquetas, Sea el primero en etiquetar este registro!
|
| Thư viện lưu trữ: | Thư viện Trường Đại học Đà Lạt |
|---|
| LEADER | 00661nam a2200277 4500 | ||
|---|---|---|---|
| 001 | DLU100110269 | ||
| 005 | ##2010082 | ||
| 040 | # | # | |a DLU |b vie |
| 041 | # | # | |a eng |
| 044 | # | # | |a us |
| 082 | # | # | |a 574.192 |b HA-B |
| 100 | # | # | |a Harrow, Benjamin. |
| 245 | # | # | |a Textbook of Biochemistry / |c Benjamin Harrow, Abraham Mazur. |
| 260 | # | # | |a Philadelphia : |b W. B. Saunders Co., |c 1966. |
| 300 | # | # | |a ix, 648 p. ; |c 26 cm. |
| 700 | # | # | |a Mazur, Abraham. |
| 923 | # | # | |a 100/2010 |
| 992 | # | # | |a 0 |
| 994 | # | # | |a DLU |
| 900 | # | # | |a True |
| 911 | # | # | |a Lý Thị Hồng Hạnh |
| 925 | # | # | |a G |
| 926 | # | # | |a A |
| 927 | # | # | |a SH |
| 980 | # | # | |a Thư viện Trường Đại học Đà Lạt |